00577nam a22002057a 450000500170000001000130001702000220003003500130005203700160006504000120008108200160009310000160010924500400012526000340016527000510019930000260025050000510027665000240032765000200035120170124110012.0 aA-838045 c00.00a8171180337 aA-838045 bCen Lib/Ret aDPLbEN a342.06bSAT aSathe, S.P. aAdministrative law /cby S.P. Sathe aBombay bN.M. Tripathi c1979 a164, shamaldas gandhi margh, bBombay e400002 alx, 504p. :c21cm(Hb) aIncludes bibliographical references and index  aAdministrative law  aJudical reviews